000 00629nam a2200241Ia 4500
003 OSt
005 20221005022534.0
006 a|||||r|||| 00| 0
007 ta
008 221004b |||||||| |||| 00| 0 eng d
024 _a73907
037 _cTextual
040 _aCRL
_cCRL
_beng
041 _2eng
_aeng
082 _aR6xN63x, H6.1
245 0 _aComplete works of Swami Vivekananda
250 _aMayavati Memorial edition
260 _aAlmora
_bAdvaita Ashrama India
_c1946
300 _a435p.
_ccm.
650 _aPHILOSOPHY
942 _hR6xN63x, H6.1
_cTEXL
_2cc
999 _c929580
_d929580